000 00428nam a22001457a 4500
020 _qPB.
040 _cFIZZA ISHAQ
082 _a658.5
_bSCH
100 _aSchweser,Kaplan.
_9134279
245 _aFixed Income,Derivatives,and Alternative Investments. CFA /
_cKaplan, Schweser.
250 _a Level 1
260 _aAmerica :
_bKaplan Schweser ,
_c2008.
300 _a292 P. ; index inc,
_c10.2 x 8.3 x 0.6 in
942 _2ddc
_cBK
999 _c617255
_d617255